| 000 | 01141cab a2200205 4500 | ||
|---|---|---|---|
| 001 | ##L132829 | ||
| 008 | 060310n2006 000 0 eng u | ||
| 035 | _a(Sirsi) u132829 | ||
| 041 | _aeng | ||
| 100 | _aBaker, Chris | ||
| 245 | 0 | 2 | _aA better system of land tenure |
| 260 | _c2006 | ||
| 490 |
_aEstates Gazette _v(0609) 4 March 2006, 173-174(2) |
||
| 520 | _aDescribes a pioneering commonhold development project in Milton Keynes, the first by a volume house builder. Crest Nicholson's Oakgrove Millennium Community scheme will adopt a commonhold structure. Explains why this developer chose commonhold which will provide a model for future Crest Nicholson developments. Discusses how commonhold will work and suggests some ways in which the present commonhold legislation could be improved. Concludes that, although commonhold is not a panacea for community living, it does offer a system of land tenure that is potentially superior to leasehold. | ||
| 590 | _aIKA140306 | ||
| 650 | 2 | 4 | _aCOMMONHOLD AND LEASEHOLD REFORM ACT 2002 |
| 650 | 2 | 4 | _aLANDLORD AND TENANT ACT 1985 |
| 690 | _aPROPERTY-COMMONHOLD PROPERTY | ||
| 942 | _n0 | ||
| 999 |
_c76650 _d76650 |
||